[Event "AUTO-ADV-2972"]
[Site "http://www.queenalice.com/game.php?id=1221988"]
[Date "2013.10.4"]
[Round "1"]
[White "mister_mazzola"]
[Black "josebaron"]
[Result "0-1"]
[WhiteElo "1998"]
[BlackElo "1918"]

1. d4 d5 2. c4 c6 3. Nc3 Nf6 4. Bg5 e6 5. e3 Be7 6. Qc2 O-O 7. Bd3 h6 8. Bh4
dxc4 9. Bxc4 Nd5 10. Bxe7 Qxe7 11. Nge2 Nxc3 12. bxc3 Nd7 13. O-O Nf6 14. f3 a5
15. a4 e5 16. e4 Nh7 17. d5 Qc5+ 18. Kh1 Qxc4 19. d6 Rd8 20. Rfd1 Nf6 21. Rd2 b5
22. Nc1 Qf1# 0-1

[Event "AUTO-ADV-2972"]
[Site "http://www.queenalice.com/game.php?id=1221997"]
[Date "2013.10.4"]
[Round "1"]
[White "Nille"]
[Black "mister_mazzola"]
[Result "0-1"]
[WhiteElo "1910"]
[BlackElo "1979"]

1. e4 Nf6 2. Nc3 d5 3. e5 Ng4 4. d4 e6 5. h3 Nxf2 6. Kxf2 c5 7. b3 cxd4 8. Bb5+
Bd7 9. Qxd4 Qc7 10. a4 Bc5 11. Bxd7+ Nxd7 0-1

[Event "AUTO-ADV-2972"]
[Site "http://www.queenalice.com/game.php?id=1221998"]
[Date "2013.10.4"]
[Round "1"]
[White "mister_mazzola"]
[Black "Nille"]
[Result "1-0"]
[WhiteElo "2007"]
[BlackElo "1898"]

1. d4 d5 2. c4 dxc4 3. e4 e5 4. d5 c6 5. Bxc4 cxd5 6. Bxd5 h6 7. Bxf7+ Ke7 8.
Qxd8+ Kxd8 9. Nc3 Bb4 10. Bd2 Nf6 11. O-O-O Bd7 12. a3 Bc5 13. f4 exf4 14. Bxf4
Ke7 15. Bd5 Nxd5 16. Nxd5+ Kf7 17. Nc7 Bg4 18. Nf3 Nc6 19. Nxa8 Rxa8 20. Rd5 Be7
21. Rf1 Kg8 22. Rb5 Bc8 23. e5 a6 24. Rd5 Be6 25. Rd2 Rf8 26. Bg3 g5 27. h3 Bc5
28. Bf2 Be7 29. Nd4 Nxd4 30. Rxd4 Bc5 31. Rd2 Be3 32. Bxe3 Rxf1+ 33. Kc2 Bf5+
34. Kc3 Re1 35. Kd4 Kf7 36. g4 Be6 37. Rd3 Rh1 38. Bd2 b5 39. b4 Rd1 40. Kc5 Ke7
41. Rd6 Bc8 42. Kb6 Ra1 43. Rxh6 Rxa3 44. Bxg5+ Kd7 45. e6+ Kd6 46. e7+ Kd7 47.
Rh8 1-0

[Event "AUTO-ADV-2980"]
[Site "http://www.queenalice.com/game.php?id=1224997"]
[Date "2013.10.16"]
[Round "1"]
[White "mister_mazzola"]
[Black "sphagnis"]
[Result "1-0"]
[WhiteElo "2023"]
[BlackElo "1698"]

1. d4 d6 2. c4 Nf6 3. Nc3 d5 4. Bg5 e6 5. cxd5 Bb4 6. e4 Nbd7 7. dxe6 fxe6 8. e5
O-O 9. Bd3 g6 10. Qb3 a5 11. Qxe6+ Rf7 12. Ne2 Nc5 13. Qc4 Be6 14. d5 Bxd5 15.
Qd4 Ne6 16. Bxf6 Nxd4 17. Bxd8 Nxe2 18. Kxe2 Bxc3 19. Bxc7 Rxc7 20. bxc3 Rxc3
21. f3 Re8 22. Kd2 Ra3 23. Rhe1 Re6 24. f4 Bxg2 25. Bc4 Kf7 26. Rg1 Bh3 27. Rab1
b5 28. Rxb5 Ke7 29. Rb7+ Kd8 30. Bxe6 Bxe6 31. Rxh7 Rxa2+ 32. Ke3 Ra3+ 33. Kd2
Ra2+ 34. Kc3 Ra3+ 35. Kb2 Ra2+ 36. Kb1 a4 37. Rxg6 Bf5+ 38. Kxa2 Bxg6 39. Ra7
Be8 40. f5 Kc8 41. e6 Bh5 42. f6 Kd8 43. f7 Bxf7 44. exf7 a3 45. f8=Q# 1-0

[Event "AUTO-ADV-2980"]
[Site "http://www.queenalice.com/game.php?id=1224998"]
[Date "2013.10.16"]
[Round "1"]
[White "sphagnis"]
[Black "mister_mazzola"]
[Result "0-1"]
[WhiteElo "1647"]
[BlackElo "2005"]

1. e4 Nf6 2. Nc3 d5 3. d3 d4 4. Nd5 Nxd5 5. exd5 Qxd5 6. Nf3 Bg4 7. Be2 e5 8. h3
Bd7 9. O-O Bd6 10. c4 Qe6 11. Nh4 Nc6 12. a3 O-O-O 13. Bg5 f6 14. Bd2 g5 15. Bg4
Qe7 16. Bxd7+ Rxd7 17. Nf3 h5 18. b4 g4 19. Nh4 Qe6 20. Ng6 Rg8 21. Nh4 gxh3 22.
Qf3 Rdg7 23. g3 e4 24. Qxh5 e3 25. fxe3 h2+ 26. Kxh2 Bxg3+ 27. Kh1 Qh3+ 28. Kg1
Qh2# 0-1

[Event "AUTO-ADV-2980"]
[Site "http://www.queenalice.com/game.php?id=1224999"]
[Date "2013.10.16"]
[Round "1"]
[White "mister_mazzola"]
[Black "ACamargo"]
[Result "1/2-1/2"]
[WhiteElo "2037"]
[BlackElo "1941"]

1. d4 d5 2. c4 e6 3. Nc3 Be7 4. Bf4 a6 5. e4 dxe4 6. Nxe4 Nf6 7. Bd3 Qxd4 8. Nf3
Bb4+ 9. Kf1 Qd8 10. Qa4+ Nc6 11. Rd1 Bd7 12. Qc2 Nxe4 13. Bxe4 Qc8 14. Bxh7 Bc5
15. a3 Ne7 16. Be4 Bc6 17. b4 Bd6 18. Bxd6 cxd6 19. Rxd6 Bxe4 20. Qxe4 Rb8 21.
Ke2 O-O 22. Ng5 Ng6 23. Rhd1 Qc7 24. c5 b6 25. c6 Rfd8 26. Rxd8+ Rxd8 27. h4
Rxd1 28. Kxd1 Qd6+ 29. Kc2 Kf8 30. h5 Ne5 31. Kb3 Nxc6 32. f4 b5 33. Nf3 f5 34.
Qe3 a5 35. Ne5 Nd4+ 36. Kc3 axb4+ 37. axb4 Nc6 38. Qc5 Qxc5+ 39. bxc5 Na7 40.
Kd4 Ke7 41. g3 Kd8 42. c6 Kc7 43. Kc5 b4 44. Kxb4 Nxc6+ 45. Nxc6 Kxc6 46. Kc4
Kd6 47. Kd4 Kd7 48. Ke3 Kd6 49. Kf3 Ke7 50. g4 fxg4+ 51. Kg3 Kf7 52. Kxg4 Kf6
53. Kh4 Kf5 54. Kg3 e5 55. fxe5 Kxe5 56. Kg4 Kf6 57. Kf4 g6 58. h6 1/2-1/2

[Event "AUTO-ADV-2980"]
[Site "http://www.queenalice.com/game.php?id=1225000"]
[Date "2013.10.16"]
[Round "1"]
[White "ACamargo"]
[Black "mister_mazzola"]
[Result "0-1"]
[WhiteElo "1939"]
[BlackElo "2026"]

1. d4 Nf6 2. c4 c5 3. e3 Nc6 4. d5 Na5 5. Nc3 d6 6. h3 g6 7. Nf3 Bg7 8. Bd3 Bd7
9. O-O a6 10. a3 Rb8 11. e4 b5 12. cxb5 axb5 13. Bd2 Nb3 14. Rb1 c4 15. Bc2 Nc5
16. Re1 O-O 17. e5 Ne8 18. e6 fxe6 19. dxe6 Bxe6 20. Qe2 Nc7 21. Ne4 Nxe4 22.
Bxe4 d5 23. Bc2 d4 24. Qe4 Bf5 25. Qxe7 Bxc2 26. Rbc1 d3 27. Bc3 Bxc3 28. bxc3
Rxf3 0-1

[Event "AUTO-ADV-2980"]
[Site "http://www.queenalice.com/game.php?id=1225001"]
[Date "2013.10.16"]
[Round "1"]
[White "mister_mazzola"]
[Black "Herivelto"]
[Result "0-1"]
[WhiteElo "2033"]
[BlackElo "2080"]

1. d4 Nf6 2. c4 g6 3. Nc3 Bg7 4. e3 O-O 5. Bd3 d6 6. b4 b6 7. Bb2 Bb7 8. f3 Ng4
9. Qd2 Nf6 10. d5 c6 11. e4 c5 12. a3 Qe8 13. f4 e5 14. dxe6 Qxe6 15. Qc2 Ng4
16. Nd5 Bxd5 17. cxd5 Qe7 18. Bxg7 Kxg7 19. Nf3 f5 20. Ng5 Ne3 21. Qe2 c4 22.
Ne6+ Kf7 23. exf5 Nxg2+ 24. Qxg2 cxd3 25. Kd2 Rg8 26. Rhe1 Qf6 27. Ng5+ Kg7 28.
Qh3 Qb2+ 29. Ke3 Re8+ 30. Kf3 h5 31. Ne6+ Kf7 32. fxg6+ Kxg6 33. Qg3+ Kf7 34. f5
Rg8 35. Nd8+ Rxd8 36. Qg6+ Kf8 0-1

[Event "AUTO-ADV-2980"]
[Site "http://www.queenalice.com/game.php?id=1225002"]
[Date "2013.10.16"]
[Round "1"]
[White "Herivelto"]
[Black "mister_mazzola"]
[Result "0-1"]
[WhiteElo "1930"]
[BlackElo "2047"]

1. Nf3 f5 2. c4 Nf6 3. d4 c5 4. d5 b5 5. cxb5 Bb7 6. Qc2 Bxd5 7. Qxf5 e6 8. Qc2
Qa5+ 9. Bd2 Qxb5 10. Nc3 Qb7 11. Nxd5 Nxd5 12. a3 Be7 13. Qe4 Qxb2 14. Rb1 Qxa3
15. Qe5 Nb4 16. Bxb4 cxb4 17. Nd2 Bf6 18. Qe4 Nc6 19. e3 Bc3 20. Bb5 Rc8 21. Ke2
O-O 22. Nc4 Qa2+ 23. Kd3 Rxf2 0-1

[Event "AUTO-ADV-2929"]
[Site "http://www.queenalice.com/game.php?id=1231429"]
[Date "2013.11.10"]
[Round "2"]
[White "mister_mazzola"]
[Black "luiz_gustavo"]
[Result "1-0"]
[WhiteElo "2039"]
[BlackElo "1846"]

1. d4 d5 2. c4 Nf6 3. Nc3 c6 4. cxd5 cxd5 5. Bg5 h6 6. Bh4 g5 7. Bg3 Nc6 8. e3
Bf5 9. Qb3 e6 10. Bb5 a6 11. Bxc6+ bxc6 12. Nge2 Nh5 13. O-O Rb8 14. Bxb8 Bg7
15. Qb4 Bf8 16. Qb7 1-0

[Event "AUTO-ADV-2929"]
[Site "http://www.queenalice.com/game.php?id=1231430"]
[Date "2013.11.10"]
[Round "2"]
[White "luiz_gustavo"]
[Black "mister_mazzola"]
[Result "0-1"]
[WhiteElo "1825"]
[BlackElo "2058"]

1. e4 Nf6 2. Nc3 d5 3. exd5 Nxd5 4. Nxd5 Qxd5 5. d4 c5 6. dxc5 Qxd1+ 7. Kxd1 e5
8. Nf3 e4 9. Bb5+ Bd7 10. Bxd7+ Nxd7 11. Re1 Nxc5 12. b4 O-O-O+ 13. Bd2 exf3 14.
bxc5 Bxc5 15. gxf3 Bxf2 16. Re2 Bd4 17. Rb1 Bc3 18. Ke1 Bf6 19. Rb3 Rd5 20. c4
Rc5 21. Rb4 b6 22. Be3 Bc3+ 0-1

[Event "AUTO-ADV-2929"]
[Site "http://www.queenalice.com/game.php?id=1231431"]
[Date "2013.11.10"]
[Round "2"]
[White "mister_mazzola"]
[Black "capablanca2014"]
[Result "1/2-1/2"]
[WhiteElo "2019"]
[BlackElo "2129"]

1. d4 d5 2. c4 e5 3. dxe5 d4 4. f4 f6 5. Nf3 Nc6 6. a3 Bf5 7. Nbd2 d3 8. e4 Bg4
9. h3 Bxf3 10. Nxf3 fxe5 11. f5 Be7 12. Qxd3 Qxd3 13. Bxd3 O-O-O 14. Ke2 Nf6 15.
Be3 Nh5 16. Rhd1 Nd4+ 17. Bxd4 exd4 18. Ne5 Rhf8 19. Kf3 Nf6 20. g4 Bd6 21. g5
Bxe5 22. gxf6 gxf6 23. b4 b6 24. Rg1 Rg8 25. h4 Bh2 26. Rg4 Rxg4 27. Kxg4 Rg8+
28. Kh5 Bf4 29. Rf1 Be5 30. Rf3 h6 31. c5 Kd8 32. Bc4 Rg3 33. Rxg3 Bxg3 34. Kg4
Be5 35. cxb6 cxb6 36. Kh5 Bg3 37. b5 Ke7 38. a4 Kd6 39. Bd3 Ke5 40. Kg4 Be1 41.
h5 Bb4 42. Kf3 Bd2 43. Ke2 Bf4 44. Bc2 Kd6 45. Kd3 Kc5 46. Bd1 Be5 47. Bc2 Kb4
48. Bd1 Bf4 49. Kxd4 Be5+ 50. Kd5 Kc3 51. Kc6 Kd3 52. Kb7 Kxe4 53. Kxa7 Bd4 54.
Ka6 Kxf5 55. a5 bxa5 56. Kxa5 Kg5 57. b6 Bxb6+ 58. Kxb6 f5 59. Kc5 Kf6 60. Kd5
Kg7 61. Ke5 Kh8 62. Kf6 f4 63. Kg6 f3 64. Bxf3 Kg8 65. Kxh6 Kh8 1/2-1/2

[Event "AUTO-ADV-2929"]
[Site "http://www.queenalice.com/game.php?id=1231432"]
[Date "2013.11.10"]
[Round "2"]
[White "capablanca2014"]
[Black "mister_mazzola"]
[Result "1-0"]
[WhiteElo "2149"]
[BlackElo "2008"]

1. d4 Nf6 2. Bf4 c5 3. c3 Nc6 4. e3 Nd5 5. Bg3 Qb6 6. Qb3 e6 7. Nd2 Na5 8. Qxb6
Nxb6 9. Nb3 Nxb3 10. axb3 d5 11. Nf3 f6 12. Bc7 Nd7 13. Bb5 a6 14. O-O Be7 15.
Rfe1 O-O 16. e4 Bd8 17. Bd6 Rf7 18. exd5 exd5 19. Re8+ 1-0

[Event "Challenge"]
[Site "http://www.queenalice.com/game.php?id=1235559"]
[Date "2013.11.27"]
[Round "-"]
[White "Zugswang"]
[Black "mister_mazzola"]
[Result "1-0"]
[WhiteElo "2285"]
[BlackElo "2065"]

1. e4 Nf6 2. e5 Nd5 3. c4 Nb6 4. d4 d6 5. f4 dxe5 6. fxe5 Bf5 7. Nf3 e6 8. Bd3
Bb4+ 9. Nc3 Bxd3 10. Qxd3 c5 11. Be3 Nc6 12. O-O-O Na5 13. b3 a6 14. dxc5 Nd7
15. Na4 Nc6 16. Qd6 Qe7 17. Nb6 Rd8 18. Nxd7 Rxd7 19. Qxd7+ Qxd7 20. Rxd7 Kxd7
21. Rd1+ Kc7 22. Kb2 h6 23. a3 Ba5 24. b4 Nxb4 25. axb4 Bxb4 26. Kb3 a5 27. Nd4
Bxc5 28. Nxe6+ fxe6 29. Bxc5 Kc6 30. Be7 b6 31. Rd6+ Kb7 32. Rxe6 Re8 33. Kc3
Kc8 34. Kd4 Kd7 35. Rxb6 Rxe7 36. Ra6 Kc7 37. Rxa5 Kb6 38. Ra8 Rd7+ 39. Ke4 Kc6
40. Rc8+ Kb7 41. Rg8 Kc6 42. e6 Re7 43. Ke5 Kc7 44. Rf8 Kc6 45. Rf7 1-0

[Event "Challenge"]
[Site "http://www.queenalice.com/game.php?id=1235923"]
[Date "2013.11.28"]
[Round "-"]
[White "jpribeiro"]
[Black "mister_mazzola"]
[Result "1-0"]
[WhiteElo "1945"]
[BlackElo "2058"]

1. Nf3 c5 2. g3 Nc6 3. Bg2 d5 4. O-O b5 5. d4 c4 6. Nc3 b4 7. Nb1 a5 8. Ne5 Nxe5
9. dxe5 Bf5 10. Bxd5 Bxc2 11. Bc6+ 1-0